01871cam a22003618i 450000100090000000300050000900500170001400800410003101000170007202000490008902000270013804000230016504200080018805000240019608200220022010000380024224500850028025000200036526300090038526400600039430000210045433600260047533700280050133800270052950505230055665000230107965000290110277601700113190600450130194200120134699900190135895201320137721240629NUST20221006112401.0191011s2020 flu b 001 0 eng  a 2019046116 a9781498774970q(hardback ;qacid-free paper) z9780429186745q(ebook) aDLCbengerdacDLC apcc00aRC78.7.T6bS73 202000a616.0757, STO2231 aStock, Stuart R.,eauthor.99925110aMicrocomputed tomography :bmethodology and applications /cby Stuart R. Stock. aSecond edition. a2012 1aBoca Raton, FL :bCRC Press/Taylor and Francis,c[2020] axxvi: 330:pages  atextbtxt2rdacontent aunmediatedbn2rdamedia avolumebnc2rdacarrier aIntroduction (Page-1),Fundamentals (Page-13),Reconstruction from Projections (Page-25), Micro-CT Systems and Their Components (Page-45),Micro-CT in Practice (Page-93), Experiment Design, Data Analysis, Visualization (Page-125), “Simple” Metrology and Microstructure Quantification (Page-155),Cellular or Trabecular Solids (Page-185),Networks (Page-223),Microstructural Evolution (Page-247),Mechanically-Induced Damage, Deformation and Cracking (Page-287),Multimode Studies and Non-Absorption Modalities (Page-311). 0aTomography.999252 0aX-ray microscopy.99925308iOnline version:aStock, Stuart R.,tMicrocomputed tomographybSecond edition.dBoca Raton, FL : CRC Press/Taylor and Francis, [2020]z9780429186745w(DLC) 2019046117 a7bcbccorignewd1eecipf20gy-gencatlg 2ddccBK c591532d591532 00102ddc4070aMCSbMCScREFd2022-10-06o616.0757,STOpMCS38481r2022-10-06w2022-10-06yBKzAlmirah Fresh No.45, Shelf No.1